|
|
|
|
| LEADER |
03402nam a2200493 a 4500 |
| 001 |
30841 |
| 003 |
BD-DhAAL |
| 005 |
20160207112431.0 |
| 008 |
160207t20012000nyu b 000 1 eng |
| 010 |
|
|
|a 99087852
|
| 020 |
|
|
|a 0671027360
|
| 040 |
|
|
|a DLC
|c DLC
|d DLC
|d BD-DhAAL
|
| 050 |
0 |
0 |
|a PS3552.R685434
|b A82 2000
|
| 082 |
0 |
0 |
|a 813/.54
|2 21
|
| 100 |
1 |
|
|a Brown, Dan,
|d 1964-
|9 17778
|
| 245 |
1 |
0 |
|a Angels & demons /
|c Dan Brown.
|
| 246 |
3 |
|
|a Angels and demons
|
| 264 |
|
|
|a New York :
|b Pocket Books,
|c c2000 [2001]
|
| 300 |
|
|
|a 568 p. :
|c 25 cm.
|
| 526 |
|
|
|a Jaatri
|
| 650 |
|
0 |
|a Physicists
|x Crimes against
|v Fiction.
|9 17779
|
| 650 |
|
0 |
|a Religious educators
|v Fiction.
|9 17780
|
| 650 |
|
0 |
|a Popes
|x Election
|v Fiction.
|9 17781
|
| 650 |
|
0 |
|a Signs and symbols
|v Fiction.
|9 17782
|
| 650 |
|
0 |
|a Secret societies
|v Fiction.
|9 17783
|
| 650 |
|
0 |
|a Anti-Catholicism
|v Fiction.
|9 17784
|
| 650 |
|
0 |
|a Illuminati
|v Fiction.
|9 17785
|
| 650 |
|
0 |
|a Vendetta
|v Fiction.
|9 17786
|
| 651 |
|
0 |
|a Vatican City
|v Fiction.
|9 17787
|
| 655 |
|
7 |
|a Suspense fiction.
|2 gsafd
|9 17788
|
| 942 |
|
|
|2 ddc
|c BK
|
| 999 |
|
|
|c 36785
|d 36785
|
| 952 |
|
|
|0 0
|1 0
|2 ddc
|4 0
|6 813_540000000000000_DAN
|7 0
|9 57885
|a BRACUL
|b BRACUL
|c GEN
|d 2016-02-07
|e Jaatri
|l 30
|m 205
|o 813.54 DAN
|p 3010030841
|r 2026-01-29
|s 2026-01-16
|t 1
|w 2016-02-07
|y BK
|
| 952 |
|
|
|0 0
|1 0
|2 ddc
|4 0
|6 813_000000000000000__54_DAN
|7 0
|9 59317
|a SCL
|b SCL
|c GEN
|d 2016-07-18
|e Tajin Boi Ghar
|g 90.00
|l 15
|m 72
|o 813.54 DAN
|p 3020008724
|r 2026-05-08
|s 2026-02-22
|t 2
|w 2016-07-18
|y BK
|
| 952 |
|
|
|0 0
|1 0
|2 ddc
|4 0
|6 813_000000000000000__54_BRO
|7 0
|9 60313
|a SCL
|b SCL
|c GEN
|d 2017-04-19
|e Tajin Boi Ghar
|g 100.00
|l 16
|m 88
|o 813.54 BRO
|p 3020008862
|r 2025-09-11
|s 2025-08-30
|t 3
|w 2017-04-19
|y BK
|
| 952 |
|
|
|0 0
|1 0
|2 ddc
|4 0
|6 813_000000000000000__54_BRO
|7 0
|9 60314
|a SCL
|b SCL
|c GEN
|d 2017-04-19
|e Tajin Boi Ghar
|g 100.00
|l 16
|m 55
|o 813.54 BRO
|p 3020008863
|r 2025-09-15
|s 2025-06-22
|t 4
|w 2017-04-19
|y BK
|
| 952 |
|
|
|0 0
|1 0
|2 ddc
|4 0
|6 813_000000000000000__54_BRO
|7 0
|9 60315
|a SCL
|b SCL
|c GEN
|d 2017-04-19
|e Tajin Boi Ghar
|g 100.00
|l 14
|m 63
|o 813.54 BRO
|p 3020008864
|r 2023-06-20
|s 2023-05-31
|t 5
|w 2017-04-19
|y BK
|
| 952 |
|
|
|0 0
|1 0
|2 ddc
|4 0
|6 813_000000000000000__54_BRO
|7 0
|9 60316
|a SCL
|b SCL
|c GEN
|d 2017-04-19
|e Tajin Boi Ghar
|g 100.00
|l 11
|m 72
|o 813.54 BRO
|p 3020008865
|r 2025-04-28
|s 2025-04-18
|t 6
|w 2017-04-19
|y BK
|
| 952 |
|
|
|0 0
|1 0
|2 ddc
|4 0
|6 813_000000000000000__54_BRO
|7 0
|9 60317
|a SCL
|b SCL
|c GEN
|d 2017-04-19
|e Tajin Boi Ghar
|g 100.00
|l 12
|m 62
|o 813.54 BRO
|p 3020008866
|r 2023-06-21
|s 2023-06-20
|t 7
|w 2017-04-19
|y BK
|
| 952 |
|
|
|0 0
|1 0
|2 ddc
|4 0
|6 813_000000000000000__54_BRO
|7 0
|9 61135
|a SCL
|b SCL
|c GEN
|d 2017-09-13
|e Tajin Boi Gar
|g 120.00
|l 10
|m 34
|o 813.54 BRO
|p 3020009208
|r 2025-07-28
|s 2025-07-13
|t 8
|w 2017-09-13
|y BK
|
| 952 |
|
|
|0 0
|1 0
|2 ddc
|4 0
|6 813_000000000000000__54_BRO
|7 0
|9 61136
|a SCL
|b SCL
|c GEN
|d 2017-09-13
|e Tajin Boi Gar
|g 120.00
|l 15
|m 59
|o 813.54 BRO
|p 3020009209
|r 2025-07-14
|s 2025-07-01
|t 9
|w 2017-09-13
|y BK
|
| 952 |
|
|
|0 0
|1 0
|2 ddc
|4 0
|6 813_000000000000000__54_BRO
|7 0
|9 61137
|a SCL
|b SCL
|c GEN
|d 2017-09-13
|e Tajin Boi Gar
|g 120.00
|l 9
|m 45
|o 813.54 BRO
|p 3020009210
|r 2023-04-15
|s 2023-03-05
|t 10
|w 2017-09-13
|y BK
|
| 952 |
|
|
|0 0
|1 0
|2 ddc
|4 0
|6 813_000000000000000__54_BRO
|7 0
|9 61138
|a SCL
|b SCL
|c GEN
|d 2017-09-13
|e Tajin Boi Gar
|g 120.00
|l 7
|m 38
|o 813.54 BRO
|p 3020009211
|r 2020-03-10
|s 2020-01-16
|t 11
|w 2017-09-13
|y BK
|
| 952 |
|
|
|0 0
|1 0
|2 ddc
|4 0
|6 813_000000000000000__54_BRO
|7 0
|9 61139
|a SCL
|b SCL
|c GEN
|d 2017-09-13
|e Tajin Boi Gar
|g 120.00
|l 13
|m 41
|o 813.54 BRO
|p 3020009212
|r 2026-04-16
|s 2026-03-29
|t 12
|w 2017-09-13
|y BK
|